Seoul Subway (Line 2) Quiz Stats

 Plays Quiz not verified by Sporcle

Challenge
Share
Tweet
Embed
Score 0/51 Timer 06:00
0 Plays Today
Station Number Station Name % Correct
222Gangnam
83.3%
239Hongik University
73.2%
216Jamsil
68.8%
240Sinchon
68.8%
228Seoul National University
63.8%
201City Hall
62.3%
202Euljiro (1-ga)
57.2%
203Euljiro (3-ga)
57.2%
204Euljiro (4-ga)
57.2%
219Samseong
55.8%
226Sadang
52.2%
234Sindorim
52.2%
205Dongdaemun History and Culture Park
50%
217Sincheon
50%
224Seocho
47.8%
221Yeoksam
46.4%
223Seoul National University of Education
46.4%
225Bangbae
43.5%
241Ewha Woman's University
42.8%
220Seolleung
39.9%
230Sillim
39.9%
218Sports Complex
39.1%
208Wangsimni
37.7%
238Hapjeong
37.7%
233Daerim
37%
212Konkuk University
35.5%
Station Number Station Name % Correct
242Ahyeon
34.8%
231Sindaebang
33.3%
209Hanyang University
31.2%
207Sangwangsimni
30.4%
232Guro Digital Complex
30.4%
215Jamsillaru
29.7%
237Dangsan
29.7%
235Mullae
29%
214Gangbyeon
28.3%
227Nakseongdae
27.5%
236Yeongdeungpo-gu Office
27.5%
213Guui
26.8%
210Ttukseom
23.2%
229Bongcheon
23.2%
206Sindang
22.5%
211Seongsu
21.7%
211-1Yongdap
21%
234-4Kkachisan
18.8%
211-2Sindap
18.1%
211-4Sinseol-dong
17.4%
211-3Yongdu
12.3%
234-1Dorimcheon
12.3%
234-2Yangcheon-gu Office
7.2%
234-3Sinjeongnegeori
2.9%
243Chunjeongno
1.4%

You're not logged in!

Compare scores with friends on all Sporcle quizzes.
OR
Log In

You Might Also Like...

Show Comments

Extras

Created Dec 5, 2011SourceReportNominate
Tags:station, subway

Top Quizzes Today


Score Distribution

Your Account Isn't Verified!

In order to create a playlist on Sporcle, you need to verify the email address you used during registration. Go to your Sporcle Settings to finish the process.

Report this User

Report this user for behavior that violates our Community Guidelines.

Details: